000 01085nam a2200277 a 4500
001 BRCA_8455
005 20190320210305.0
008 021215s1969----sp-a######---#000-0#spa-#
041 _aspa
044 _asp
050 4 _aPQ6323
_b.C47 1969
100 1 _aCervantes Saavedra, Miguel de
_d1547-1616
_9213
245 1 0 _aEl Ingenioso Hidalgo Don Quijote de la Mancha
_cMiguel de Cervantes Saavedra ; notas de don Diego Clemencín ; seleccionadas por Jorge Campos ; ilustraciones de Ricardo Zamorano.
260 _aBarcelona
_bLibrería Editorial Argos
_c1969
300 _a2 v.
_bil. (algunas a color)
_c25 cm.
500 _aLibro donado por el Sr. Juan Osorio, 18-VI-1993
650 1 4 _aNovela española
_yÉpoca clásica, 1500-1700
_9215
650 1 4 _aLiteratura española
_yÉpoca clásica, 1500-1700
_9216
650 1 4 _aNovela española
_ySiglo XVII
_9217
650 1 4 _aDon Quijote (Personaje ficticio)
_xNovela
_921175
700 1 _aClemencín, Diego
_921176
700 1 _aCampos, Jorge
_921177
700 1 _aZamorano, Ricardo
_eIlustrador
_921178
902 _aQAG
942 _2lcc
_cB
999 _c8122
_d8122